General Knowledge Trivia for Masochists #3 - Statistics

General Stats
  • This quiz has been taken 393 times
    392 since last reset
  • The average score is 19 of 100
Answer Stats
Hint Answer % Correct
History In 1932, Australia lost a war against what earthbound "enemy"? Emus
71%
STEM Euler's characteristic states for convex polyhedra V - E + F = 2. E = edges and F = faces. What does V represent? Vertices
71%
Sports & Games What island nation won the men's rugby gold medals in the 2016 and 2020 Olympics, but lost to France in the 2024 games? Fiji
64%
Sports & Games Korobeiniki, a 19th century folk song, is best known worldwide as the theme song for what abstract video game? Tetris
55%
Food & Drink A Piedmontese concoction known as gianduja was adapted by Ferrero to become what sweetened spread sold internationally? Nutella
54%
Miscellaneous Bronx activist Tarana Burke and Brooklyn-born actress Alyssa Milano are both strongly associated with what hashtag? #MeToo
52%
Geography & Language The Willamette river flows through what major city before it empties into the Columbia river by Vancouver, Washington? Portland
52%
Food & Drink Passyunk Square in South Philadelphia is known for a rivalry between two restaurants that specialize in what sandwich? Cheesesteak
50%
World Culture In October 2025, Sarah Mullally was named as the first female archbishop of where? Canterbury
49%
Sports & Games What boxer, the first to win titles in four of eight divisions, also served as a Senator in the Philippines from 2016-2022 Manny Pacquiao
49%
Food & Drink Peri-peri sauce is the main flavoring for chicken from what restaurant chain that began in Johannesburg in 1987 and now exists in over 30 countries? Nando's
46%
Music The surdo, agogo and pandeiro are all instruments used in what Brazilian dance? Samba
45%
Arts & Lit What tall growing grass and member of the "Four Gentleman" of traditional Chinese art represents Summer? Bamboo
39%
Music The title dedicatee is unknown in what posthumously published Beethoven piano work that is a staple of the beginner-intermediate piano repertoire? Für Elise
38%
STEM What painful condition is caused by a buildup of needle-shaped uric acid crystals in joints? Gout
36%
History Anger at Operation Blue Star carried out at the Golden Temple at Amritsar led to the 1984 assassination of what politician? (first and last name please) Indira Gandhi
36%
Miscellaneous What electrical component could also describe Bumblebee, Shockwave and Ironhide and is also the title of Lou Reed's debut album after he left The Velvet Underground? Transformer
36%
World Culture The Egyptian Book of the Dead describes a judgment in the afterlife where ones heart is weighed up against what object of Ma'at? Feather
35%
Miscellaneous A "Two Ronnies" comedy routine has a man entering a general store asking for "fork handles" but is understood as wanting what, the title of the skit? Four Candles
35%
STEM The Haber-Bosch process, the subject of the 1918 Nobel Prize in Chemistry, is an industrial process to produce what simplest pnictogen hydride? Ammonia
34%
Sports & Games What Paradox grand strategy series released its fifth game in 2025? In the game, you take control of a kingdom, city or tribe and try to shepherd it through the early-modern period starting from April 1, 1337? Europa Universalis
34%
Geography & Language The city of Arica was transferred from one country to another country after the War of the Pacific. What two countries, in order, was it located in prior to 1883 and after 1883? Peru, Chile
33%
Geography & Language What is the English name of the feature called Huriǂoaxa in Khoekhoe and Tafelberg in Dutch? Table Mountain
33%
World Culture Although all of the "Nine Worlds" of Norse mythology are not mentioned in any one work, it's generally agreed that the world that is equivalent to Earth is known as what? Midgard
32%
Arts & Lit Nervous Conditions by Tsitsi Dangarembga and We Need New Names by NoViolet Bulawayo are two acclaimed literary works set (at least partially) in what country? Zimbabwe
31%
Arts & Lit In the New Testament, Pontius Pilate allows the crowd to release one prisoner from execution and the crowd chooses to release what bandit over Jesus? Barabbas
27%
History A February 313 agreement that allowed Christians in the Roman empire to practice freely is known as the Edict of what city? Milan
27%
Music "The Gales of November" is a recent non-fiction book that took its title from a Gordon Lightfoot song about the Wreck of what? Edmund Fitzgerald
25%
Geography & Language What capital of Saxony-Anhalt on the Elbe river suffered a massacre during the 30 Years War that reduced its population by over 80%? Magdeburg
25%
History The Niagara Movement, formed in 1905 by William Monroe Trotter, Mary Burnett Talbert and others, was the immediate predecessor of what oldest civil rights group in the United States? NAACP
25%
Movies & TV What prequel to "The Mummy" was the first leading role of Dwayne Johnson, who was credited as "The Rock"? The Scorpion King
24%
Food & Drink Sold in Tim Horton's what are the Canadian equivalent to Dunkin Donuts' "Munchkins"? Timbits
24%
Miscellaneous What philosopher, the founder of Utilitarianism, has his mummified severed head on display at the University College of London? Jeremy Bentham
22%
STEM What element, atomic number 46, is a catalyst in many reactions including the Suzuki, Heck and Tsuji-Trost reactions? Palladium
22%
Movies & TV The Sundance Festival was started by what actor? He never won a Best Actor Oscar, although he did win an Oscar for Best Director for Ordinary People? Robert Redford
22%
World Culture What difficult to define Sanskrit term refers to one's moral responsibilities? The adjectival form is used to classify a group of religions including Buddhism, Jainism, Hinduism and Sikhism. Dharma
21%
Miscellaneous "Obsessed" and "Diet Pepsi" are two singles released by what Tiktok sensation and low-rise jeans enthusiast? Addison Rae
20%
Arts & Lit In a rousing speech given by Henry V on St. Crispin's Day he calls his colleagues, "We few, we happy few, we" what? The same three-word phrase was used by historian Stephen Ambrose in a book about a parachute infantry company in WWII. Band of Brothers
19%
Movies & TV What Canadian TV sitcom features the 20-something Canadian-Korean Janet, her mother and father and the title family business in the suburbs of Toronto? Kim's Convenience
17%
Food & Drink With lower alcohol and higher sugar content than the otherwise similar saké, what rice wine is commonly used in Japanese cooking? Mirin
17%
Movies & TV What 2019 film (with a worldwide smash 2025 sequel) is an animated fantasy film titled after a mythical Chinese protection deity? Ne Zha
17%
History Named after Genghis Khan's second son, what Khanate stretched from the Aral Sea to the Altai mountains? Chagatai Khanate
16%
Movies & TV The minimalist masterpiece Lux Aeterna by Clint Mansell serves as a leitmotif in what depressing 2000 film that has Ellen Burstyn getting attacked by a toothed refrigerator? Requiem for a Dream
16%
Movies & TV What brutal, historical Elem Klimov film features a Belarusian teenager Flyora who is conscripted by Partisans to fight against the Nazi occupation? Come and See
15%
History What Austrian statesman served as the foreign minister for the Austrian Empire from 1809-1848 after which continent-wide revolutions forced his resignation? Klemens von Metternich
15%
STEM What mineral, a form of mercury sulfide, is an ore for elemental mercury and historically was used to produce the brilliant red vermilion color? Cinnabar
14%
Geography & Language What river connects Lake Peipus to the Baltic Sea and makes up the northern part of the Estonia/Russia border? Narva
14%
Sports & Games The iconic Adidas soccer-ball design shares a name with what 1960s US communication satellite and an instrumental by the Tornados Telstar
14%
Arts & Lit A love triangle between Belly Conklin and brothers Conrad and Jeremiah is the main plot point of what Jenny Han series (and subsequent TV adaptation)? The Summer I Turned Pretty
14%
Sports & Games The ancestor of western chess as well as shogi and xiangqi is what Indian board game? Chaturanga
13%
Miscellaneous A 2025 innovation in what 1978 musical has leading actress Rachel Zegler step outside onto the balcony of the London Palladium theatre to perform a famous song at the start of Act Two for crowds assembled in the street? Evita
13%
Music Camille Saint-Saëns' most successful opera, both in his time and today, is named after what biblical duo? Samson and Delilah
13%
Geography & Language Meaning "goddess of the sky" what is the Nepalese name for Mount Everest, which is also the name of the national park in which Mount Everest is located? Sagarmatha
12%
Movies & TV From 1971-2015 Sonia Monzano played a character named Maria on what TV show? Although rarely showing his face, Caroll Spinney played two iconic characters (and many more less iconic characters) on the same show from 1969-2018. Sesame Street
12%
Food & Drink A snail porridge is one of the well known dishes at what three-star restaurant in Berkshire England owned by chef Heston Blumenthal The Fat Duck
12%
Arts & Lit The femme fatale Milady de Winter is one of the primary antagonists in what 1844 work? The Three Musketeers
12%
Geography & Language The Philippines is divided into three principal geographical divisions, Luzon in the north, Mindanao in the south, and what middle group that includes the islands of Panay, Cebu, Bohol, and Samar? Visayas
12%
Miscellaneous Originating from Usenet in the 90s, what subculture represents people who identify as partially or entirely nonhuman? Otherkin
11%
STEM Often the subject of conspiracy theories, what law states that many datasets of seemingly random numbers are more likely to have numbers starting with 1 than with 9? Benford's Law
10%
Food & Drink Throughout the Lusophone world, a bean stew with beef or pork and often served with rice is known as what? Feijoada
10%
World Culture Viracocha the creator gave birth to what sun god, the national patron of the Inca state? Inti
10%
World Culture What Islamic ablution involves washing the body in a specific order and usually precedes praying or reading the Koran? Wudu
10%
Geography & Language What Armenian lake, the largest body of water in the Caucasus region was the subject of a 1960s tunnel project to replenish an ecosystem damaged by Soviet overusage? Lake Sevan
9%
STEM What term is used to describe a substance which has equal amounts of left- and right-handed enantiomers? The same term describes an acid produced by grapes with only right-handed versions of the acid. Racemic
9%
Music The country music festival held in Indio, California is named after what obsolete vehicle? Stagecoach
9%
Movies & TV What Mesopotamian deity possesses Regan MacNeil's body in 1973's The Exorcist? Pazuzu
8%
History The oldest known civilization in the Americas lasted from 3500-1800 BCE is named after what site in coastal central Peru? Caral-Supe
7%
Geography & Language What archipelago, the largest fluvial-maritime archipelago in the world is split between the states of Amapá and Pará? The same name is also given to the main island of the archipelago, which is the 35th largest in the world by area. Marajó
7%
Arts & Lit What is the Persian name of the national epic of Iran, written sometime around 1000 by the poet Ferdowsi, tells of the history of from the creation of the world to the Muslim conquest of Persia in the 7th century? Shahnameh
7%
Sports & Games A goat carcass needs to be placed in a goal to score in what Afghan equestrian sport? Buzkashi
6%
Movies & TV What eggshell-wearing animated chicken, the only black one in a family of yellow chickens, first appeared in Italy in 1963 before getting a Japanese adaptation in the 70s Calimero
6%
History What was the short-lived period between 1956-1957 where citizens in China were encouraged to offer criticism and advice to the ruling Communist Party? The anti-government sentiments shared by the populace led to a crackdown. Hundred Flowers Campaign
6%
Movies & TV "Pretty Baby", "Atlantic City" and "My Dinner with Andre" are all works by what French Director? Louis Malle
6%
Music What anti-apartheid advocate nicknamed Mama Africa is best known for the 1967 song Pata Pata? Miriam Makeba
6%
STEM What term is used for antibodies that are made from exact replicas of a single white blood cell and therefore can only bind to one specific part of one antigen? Monoclonal
6%
Food & Drink The vine "smilax ornata" is more commonly known by what name? An extract from the plant is used to flavor a soft drink of the same name common in East and Southeast Asia that is similar in taste to the American root beer. Sarsaparilla
6%
Arts & Lit What work by Virgil, written after Eclogues, is a four-book poem describing rural life? The name can also be used to describe any rural-themed work of art, especially in 18th century England. Georgics
5%
Food & Drink What two-word name is given to a black tea made from tea leaves smoke-dried over a pinewood fire? The tea originated in the Wuyi mountains of Fujian province. Lapsang Souchong
5%
World Culture What name is given to divine spirits in the Yoruba religion and includes members such as Orunmila, Ogun, Shango, and Eshu? Orisha
5%
Sports & Games Although sumotori and osumosan are sometimes used, what Japanese word is most often used to describe a professional sumo wrestler? Rikishi
5%
Miscellaneous Announced in January 2025 by Donald Trump, what is the name of the LLC created by OpenAI, Softbank and Oracle with plans to invest $500 billion in AI by 2029? Stargate
5%
Miscellaneous What legal writ, from the Latin for "command" is used to require a government entity to perform (or not perform) some task? Writ of Mandamus
5%
World Culture A dance performed by North American First Nations women wearing clothing with multiple metal ornaments sewed on. The sound of these ornaments gives the dance what name? Jingle Dance
4%
World Culture What Roman purification festival was celebrated on February 15? It featured young men running naked through the city and using thongs to hit women (with consent) who wish to conceive or have an easy delivery. Lupercalia
4%
STEM What mathematician, who contributed to various fields of stochastic and mathematical noise processes, is considered the originator of cybernetics? Norbert Wiener
4%
Music "Lady Marmalade" was a 1974 hit, partially in French, sung by Cindy Birdsong, Nona Hendryx, Sara Dash and what fourth woman after which the group is named? Patti LaBelle
4%
World Culture What is the traditional red or maroon cosmetic powder worn by married women in Hindu communities along part of their hairlines? Sindoor
4%
Geography & Language What Mandarin word is used to denote written vernacular Chinese that was developed in the early 20th century to contrast with the older literary Chinese used during the Ming and Qing dynasties? Baihua
3%
Miscellaneous What French perfume and cosmetics house, a subsidiary of L'Oreal, gets its name from a forest near the center of France? Lancôme
3%
History What is the last name of sisters Patria, Minerva and Maria Teresa who opposed the dictatorship of Rafael Trujillo and were assassinated in 1960, 6 months before Trujillo himself was killed? Mirabal
3%
Food & Drink Mashed plantains with chicharron or bacon inside make up what traditional Puerto Rican dish? Mofongo
3%
STEM From Latin for hiding, the longest vein in the body, which extends from the foot to a junction with the Femoral Vein is the Great what Vein? Saphenous
3%
Music What sister of Lata Mangeshkar has won a record seven Filmfare awards for Best Female Playback Singer? Asha Bhosle
2%
Arts & Lit From 1971 to 1985 Andrew Wyeth surreptitiously painted 247 paintings of a woman with what first name? Helga
2%
Sports & Games What Japanese figure skater is the first to win three consecutive world titles (from 2022-2024) since Peggy Fleming did it in the 60s? Kaori Sakamoto
2%
Sports & Games What German term is used for a feature of bobsledding courses where the track makes a full 360 degree turn and passes under itself? Kreisel
2%
Music Identify (2014), Flight Log: Turbulence (2016), Present: You (2018) were country-topping albums by what boy band known for their live performances featuring martial arts tricks? Got7
1%
History The father of Venezuelan Democracy, and a Venezuelan novelist both were President of Venezuela in 1948 and both shared what first name? Rómulo (Betancourt and Gallegos)
1%
Music First performed in 1945, what name is given to the set of twelve pieces by Mary Lou Williams where each piece is dedicated to different jazz legends based on when they were born? Zodiac Suite
1%
Arts & Lit What 1969 Natalya Baranskaya work describes seven days of a research scientist trying to juggle her full-time career and domestic obligations? A Week Like Any Other
0%
No matching quizzes found
Score Distribution
Percent of People with Each Score
Percentile by Number Answered
Your Score History
You have not taken this quiz since the last reset